Экономика и управление производством. Расчет экономической части дипломного проекта: методические указания для студентов, обучающихся по химическим специальностям Института дистанционного образования
| Institution som forfatter: | |
|---|---|
| Andre forfattere: | |
| Summary: | Заглавие с титульного экрана Электронная версия печатной публикации Режим доступа: из корпоративной сети ТПУ |
| Sprog: | russisk |
| Udgivet: |
Томск, Изд-во ТПУ, 2013
|
| Fag: | |
| Online adgang: | http://www.lib.tpu.ru/fulltext2/m/2015/m052.pdf |
| Format: | Electronisk Bog |
| KOHA link: | https://koha.lib.tpu.ru/cgi-bin/koha/opac-detail.pl?biblionumber=287343 |
MARC
| LEADER | 00000nlm0a2200000 4500 | ||
|---|---|---|---|
| 001 | 287343 | ||
| 005 | 20240201144732.0 | ||
| 035 | |a (RuTPU)RU\TPU\book\311738 | ||
| 090 | |a 287343 | ||
| 100 | |a 20150316d2013 m y0rusy50 ca | ||
| 101 | 0 | |a rus | |
| 102 | |a RU | ||
| 105 | |a a j 001zy | ||
| 135 | |a drnn ---uucaa | ||
| 181 | 0 | |a i | |
| 182 | 0 | |a b | |
| 200 | 1 | |a Экономика и управление производством. Расчет экономической части дипломного проекта |e методические указания для студентов, обучающихся по химическим специальностям Института дистанционного образования |f Национальный исследовательский Томский политехнический университет (ТПУ) ; сост. Т. Г. Рыжакина | |
| 203 | |a Текст |c электронный | ||
| 210 | |a Томск |c Изд-во ТПУ |d 2013 | ||
| 215 | |a 22 с. | ||
| 300 | |a Заглавие с титульного экрана | ||
| 300 | |a Электронная версия печатной публикации | ||
| 320 | |a Библиогр.: с. 21 (17 назв.) | ||
| 333 | |a Режим доступа: из корпоративной сети ТПУ | ||
| 606 | 1 | |a Химические заводы |x Экономика |2 stltpush |3 (RuTPU)RU\TPU\subj\30861 |9 53882 | |
| 610 | 1 | |a труды учёных ТПУ | |
| 610 | 1 | |a электронный ресурс | |
| 610 | 1 | |a экономические эффекты | |
| 610 | 1 | |a дипломные проекты | |
| 675 | |a 66:658.5(075.8) |v 3 | ||
| 702 | 1 | |a Рыжакина |b Т. Г. |c экономист |c доцент Томского политехнического университета, кандидат экономических наук |f 1962- |g Татьяна Гавриловна |3 (RuTPU)RU\TPU\pers\30678 |4 220 |9 14958 | |
| 712 | 0 | 2 | |a Национальный исследовательский Томский политехнический университет (ТПУ) |b Институт социально-гуманитарных технологий (ИСГТ) |b Кафедра менеджмента (МЕН) |3 (RuTPU)RU\TPU\col\18855 |
| 801 | 1 | |a RU |b 63413507 |c 20150310 | |
| 801 | 2 | |a RU |b 63413507 |c 20160614 |g RCR | |
| 856 | 4 | 0 | |u http://www.lib.tpu.ru/fulltext2/m/2015/m052.pdf |
| 942 | |c CF | ||